Giáo trình cài đặt và điều hành mạng máy tính Sách dùng cho các trường đào tạo hệ trung học chuyên nghiệp

Sách trình bày các khái niệm cơ bản về mạng máy tính theo quan điểm kiến trúc phân tầng đã được tổ chức ISO sử dụng. Đồng thời đề cập đến thiết kế, tổ chức mạng và một số ứng dụng cơ bản. Sách được thiết kế với thời lượng 4...

詳細記述

保存先:
書誌詳細
第一著者: Nguyễn, Vũ Sơn
フォーマット: 図書
言語:Undetermined
出版事項: H. Giáo dục 2009
主題:
オンライン・アクセス:http://lrc.tdmu.edu.vn/opac/search/detail.asp?aID=2&ID=6576
タグ: タグ追加
タグなし, このレコードへの初めてのタグを付けませんか!
Thư viện lưu trữ: Trung tâm Học liệu Trường Đại học Thủ Dầu Một
LEADER 01238nam a2200217Ia 4500
001 TDMU_6576
008 210410s9999 xx 000 0 und d
082 |a 004.6028 
090 |b NG527 
100 |a Nguyễn, Vũ Sơn 
245 0 |a Giáo trình cài đặt và điều hành mạng máy tính 
245 0 |b Sách dùng cho các trường đào tạo hệ trung học chuyên nghiệp 
245 0 |c TS. Nguyễn Vũ Sơn 
260 |a H. 
260 |b Giáo dục 
260 |c 2009 
300 |a 135tr. 
520 |a Sách trình bày các khái niệm cơ bản về mạng máy tính theo quan điểm kiến trúc phân tầng đã được tổ chức ISO sử dụng. Đồng thời đề cập đến thiết kế, tổ chức mạng và một số ứng dụng cơ bản. Sách được thiết kế với thời lượng 45t, dùng cho hệ trung cấp chuyên nghiệp. 
650 |a Mạng máy tính; Tài liệu trung học chuyên nghiệp  |v Giáo trình 
856 |u http://lrc.tdmu.edu.vn/opac/search/detail.asp?aID=2&ID=6576 
980 |a Trung tâm Học liệu Trường Đại học Thủ Dầu Một